| 000 | 01476nam a2200277 a 4500 | ||
|---|---|---|---|
| 005 | 20231017063735.0 | ||
| 008 | 021206s2003 mx r 000 0 spa d | ||
| 020 | _a9685505543 | ||
| 035 | _aUPN01000141003 | ||
| 049 | _aCG | ||
| 050 | 4 |
_aJL1299 D5 _bE5.7 2003 |
|
| 245 | 0 | 0 | _aEnsayos. |
| 260 |
_aMéxico : _bInstituto Electoral del Distrito Federal, _c2003. |
||
| 300 | _a119 p. | ||
| 500 | _a"3er. Concurso de tesis, ensayo y cuento 2003" | ||
| 505 | 8 |
_tVecinos, identidades locales y participación ciudadana en la ciudad de México : la experiencia de los comités vecinales / _rHéctor Tejera Gaona -- _tRevaluación de la participación ciudadana en el Distrito Federal : legitimar para ser legitimado / _rClaire Alexandre Smith Pérez -- _tLey de participación ciudadana : ¿corresponsabilidad y cooperación? / _rEdgar Esquivel Solís |
|
| 650 | 4 |
_aDemocracia _zMéxico _913249 |
|
| 651 | 4 |
_aDistrito Federal (México) _xPolítica y gobierno _914004 |
|
| 700 | 1 |
_aTejera Gaona, Héctor, _ecolab. _941063 |
|
| 700 | 1 |
_aSmith Pérez, Claire Alexandre, _ecolab. |
|
| 700 | 1 |
_aEsquivel Solís, Edgar, _ecolab. |
|
| 740 | 0 | _aVecinos, identidades locales y participación ciudadana en la ciudad de México : la experiencia de los comités vecinales | |
| 740 | 0 | _aRevaluación de la participación ciudadana en el Distrito Federal : legitimar para ser legitimado | |
| 740 | 0 | _aLey de participación ciudadana : ¿corresponsabilidad y cooperación? | |
| 905 | _aLibro | ||
| 999 |
_c113151 _d113151 |
||